Organizational behavior / (Record no. 32289)

MARC details
000 -LEADER
fixed length control field 00989cam a2200277 a 4500
001 - CONTROL NUMBER
control field 742353
003 - CONTROL NUMBER IDENTIFIER
control field OSt
005 - DATE AND TIME OF LATEST TRANSACTION
control field 20220308111948.0
008 - FIXED-LENGTH DATA ELEMENTS--GENERAL INFORMATION
fixed length control field 990706s2000 maua b 001 0 eng
010 ## - LIBRARY OF CONGRESS CONTROL NUMBER
LC control number 99037328
020 ## - INTERNATIONAL STANDARD BOOK NUMBER
International Standard Book Number 0256228965 (alk. paper)
040 ## - CATALOGING SOURCE
Original cataloging agency DLC
Transcribing agency HU
042 ## - AUTHENTICATION CODE
Authentication code pcc
050 00 - LIBRARY OF CONGRESS CALL NUMBER
Classification number HD58.7
Item number .M42 2000
082 00 - DEWEY DECIMAL CLASSIFICATION NUMBER
Classification number 658 MCS 2000
Edition number 21
100 1# - MAIN ENTRY--PERSONAL NAME
Personal name McShane, Steven Lattimore.
9 (RLIN) 7940
245 10 - TITLE STATEMENT
Title Organizational behavior /
Statement of responsibility, etc. Steven L. McShane, Mary Ann Von Glinow.
260 ## - PUBLICATION, DISTRIBUTION, ETC.
Place of publication, distribution, etc. Boston :
Name of publisher, distributor, etc. Irwin/McGraw-Hill,
Date of publication, distribution, etc. c2000.
300 ## - PHYSICAL DESCRIPTION
Extent xxv, 709 p. :
Other physical details ill. (chiefly col.) ;
Dimensions 28 cm.
504 ## - BIBLIOGRAPHY, ETC. NOTE
Bibliography, etc. note Includes bibliographical references (p. 621-682) and indexes.
650 #0 - SUBJECT ADDED ENTRY--TOPICAL TERM
Topical term or geographic name entry element Organizational behavior.
9 (RLIN) 7941
700 1# - ADDED ENTRY--PERSONAL NAME
Personal name Von Glinow, Mary Ann Young,
Dates associated with a name 1949-
9 (RLIN) 7942
906 ## - LOCAL DATA ELEMENT F, LDF (RLIN)
a 7
b cbc
c orignew
d 1
e ocip
f 19
g y-gencatlg
942 ## - ADDED ENTRY ELEMENTS (KOHA)
Source of classification or shelving scheme Dewey Decimal Classification
Koha item type Books like text book referance book
Suppress in OPAC No
Holdings
Withdrawn status Lost status Source of classification or shelving scheme Damaged status Not for loan Collection code Home library Current library Shelving location Date acquired Total Checkouts Full call number Barcode Date last seen Copy number Price effective from Koha item type
    Dewey Decimal Classification     Non-fiction Wondo Genet Library Wondo Genet Library General Stacks 03/08/2022   658 MCS 2000 WGCFNRL00012665 03/08/2022 1 03/08/2022 Books like text book referance book
    Dewey Decimal Classification     Non-fiction Wondo Genet Library Wondo Genet Library General Stacks 03/08/2022   658 MCS 2000 WGCFNRL00012666 03/08/2022 2 03/08/2022 Books like text book referance book